00338 a2200121 450000500170000000800410001702000180005804100120007610000150008824500690010326000360017230000080020820250604165339.0250604b |||||||| |||| 00| 0 eng d a9780143462439 aEnglish aSingh V.K. aLeadership In The Indian Armyb : Biographies Of Twelve Soldiers bPenguin Rendom Hose Indiac2023 a471